San Diego Padres - All 2021 Players - Statistics

General Stats
  • This quiz has been taken 25 times
  • The average score is 21 of 54
Answer Stats
Games Played Answer % Correct
152 Jake Cronenworth
100%
153 Manny Machado
100%
130 Fernando Tatis Jr.
94%
146 Wil Myers
94%
56 Austin Nola
88%
151 Eric Hosmer
88%
40 Joe Musgrove
88%
137 Jurickson Profar
88%
30 Yu Darvish
88%
27 Blake Snell
82%
116 Victor Caratini
82%
117 Ha-Seong Kim
76%
132 Trent Grisham
76%
24 Chris Paddack
65%
155 Tommy Pham
59%
64 Mark Melancon
53%
22 Dinelson Lamet
47%
11 Luis Campusano
47%
78 Tim Hill
47%
67 Craig Stammen
41%
65 Austin Adams
35%
63 Pierce Johnson
35%
32 Ryan Weathers
35%
57 Adam Frazier
29%
2 Adrian Morejon
29%
27 Drew Pomeranz
29%
67 Emilio Pagan
29%
57 Jorge Mateo
29%
45 Nabil Crismatt
29%
4 Jake Arrieta
24%
25 Tucupita Marcano
24%
32 Brian O'Grady
18%
6 Daniel Camarena
18%
34 Jake Marisnick
18%
6 Matt Strahm
18%
12 Reiss Knehr
18%
5 Aaron Northcraft
12%
23 Daniel Hudson
12%
3 Ivan Castillo
12%
12 Keone Kela
12%
4 Mason Thompson
12%
13 Nick Ramirez
12%
7 Ross Detwiler
12%
5 Taylor Williams
12%
4 Vince Velasquez
12%
24 Webster Rivas
12%
2 Dan Altavilla
6%
25 Miguel Diaz
6%
5 James Norwood
0%
5 Javy Guerra
0%
7 John Andreoli
0%
5 Patrick Kivlehan
0%
1 Pedro Avila
0%
5 Shaun Anderson
0%
No matching quizzes found
Score Distribution
Percent of People with Each Score
Percentile by Number Answered
Your Score History
You have not taken this quiz